000 00621nam a2200193 4500
001 131946
003 ES-MaACL
005 20250321153110.0
007 t|
008 070214s1942 sp r ||||1| spa d
100 1 _aRohde, Peter Richard.
_998979
245 1 0 _aEsplendor y ocaso de la diplomacia clásica /
_cPeter Richard Rohde ; traducción directa del alemán.
260 _aMadrid :
_bRevista de Occidente,
_c1942.
300 _a252 p. ;
_c22 cm.
650 4 _aDiplomacia-
_vHistoria.
_9138850
650 0 4 _aRelaciones internacionales-
_vHistoria
_916785
852 _aES-MaACL
_jC-5461
999 _c131946
_d131946